MARC

LEADER 00000nam0a2200000 4500
001 370606
005 20231102012310.0
035 |a (RuTPU)RU\TPU\retro\28015 
090 |a 370606 
100 |a 20220718d1978 km y0rusy50 ca 
101 0 |a rus 
102 |a RU 
105 |a a z 001zy 
200 1 |a Устойчивость магнитных запоминающих устройств  |f В. Л. Волчек, А. Ю. Гордонов, А. А. Дерюгин  |g под ред. А. А. Дерюгина 
210 |a Москва  |c Советское радио  |d 1978 
215 |a 96 с.  |c ил. 
320 |a Библиогр.: с. 92-93 
320 |a Предметный указатель: с. 94 
606 1 |a Запоминающие устройства магнитные  |x Проектирование  |2 stltpush  |3 (RuTPU)RU\TPU\subj\11342  |9 38291 
610 1 |a блоки памяти 
610 1 |a устойчивая работа 
610 1 |a ферритовые сердечники 
610 1 |a входные параметры 
610 1 |a выходные параметры 
610 1 |a изменение 
610 1 |a влияние 
675 |a 681.327.66  |v 3 
700 1 |a Волчек  |b В. Л.  |g Виктор Лазаревич 
701 1 |a Гордонов  |b А. Ю.  |g Александр Юрьевич 
701 1 |a Дерюгин  |b А. А.  |g Александр Александрович 
702 1 |a Дерюгин  |b А. А.  |g Александр Александрович  |4 340 
801 1 |a RU  |b 63413507  |c 20220718 
942 |c BK